Bài tập hóa học 9

Na minha lista:
Detalhes bibliográficos
Autor principal: Lê, Xuân Trọng
Formato: Livro
Idioma:Undetermined
Publicado em: Hà Nội Giáo dục 2005
Assuntos:
Tags: Adicionar Tag
Sem tags, seja o primeiro a adicionar uma tag!
Thư viện lưu trữ: Trung tâm Học liệu Trường Đại học Cần Thơ
LEADER 00630nam a2200205Ia 4500
001 CTU_106620
008 210402s9999 xx 000 0 und d
020 |c 5700 
082 |a 540.712 
082 |b Tr431/L9 
100 |a Lê, Xuân Trọng 
245 0 |a Bài tập hóa học 9 
245 0 |c Lê Xuân Trọng 
260 |a Hà Nội 
260 |b Giáo dục 
260 |c 2005 
650 |a Chemistry 
650 |x Problems, exercises 
904 |i Tuyến, Q. Hiếu (sửa) Tuyến sửa số pl 540.0712 thanh 540.712, chua in nhãn) 
980 |a Trung tâm Học liệu Trường Đại học Cần Thơ